Những vấn đề lịch sử trong tác phẩm Hồ Chí Minh

সংরক্ষণ করুন:
গ্রন্থ-পঞ্জীর বিবরন
প্রধান লেখক: Phan Ngọc Liên
বিন্যাস: গ্রন্থ
ভাষা:Undetermined
প্রকাশিত: Hà Nội Đại Học Quốc Gia Hà Nội 1999
বিষয়গুলি:
ট্যাগগুলো: ট্যাগ যুক্ত করুন
কোনো ট্যাগ নেই, প্রথমজন হিসাবে ট্যাগ করুন!
Thư viện lưu trữ: Trung tâm Học liệu Trường Đại học Cần Thơ
LEADER 00595nam a2200193Ia 4500
001 CTU_39251
008 210402s9999 xx 000 0 und d
020 |b 15.400đ 
082 |a 907 
082 |b L305n 
100 |a Phan Ngọc Liên 
245 0 |a Những vấn đề lịch sử trong tác phẩm Hồ Chí Minh 
245 0 |c Phan Ngọc Liên 
260 |a Hà Nội 
260 |b Đại Học Quốc Gia Hà Nội 
260 |c 1999 
650 |a history - study and teaching 
904 |i Minh, 001104 
980 |a Trung tâm Học liệu Trường Đại học Cần Thơ